| 000 | 00816nam a22001937a 4500 | ||
|---|---|---|---|
| 005 | 20250106171644.0 | ||
| 010 | _aHIN-129124 | ||
| 020 |
_a9788195206988 _c450.00 |
||
| 035 | _aHN-101470 | ||
| 037 | _bDBAD | ||
| 082 | _a822 | ||
| 100 |
_aवर्मा, हरिशरण _975944 |
||
| 245 |
_aगर्व:नाटक संग्रह/ _cहरिशरण वर्मा |
||
| 250 | _aप्रथम | ||
| 260 |
_aदिल्ली _bविनोद बुक हाउस _c2024 |
||
| 270 |
_aए-55 /बी , दितीय तल गली नं .6 जगतपुरी एक्सटेंशन _bदिल्ली _e110093 _k9873620352 _mvbhouse2018@gmail.com |
||
| 300 |
_a144पृ. _c22सेमी(सजिल्द) |
||
| 942 |
_2ddc _cHN _h822 _mवर्माह |
||
| 999 |
_c208050 _d208050 |
||